Представление документа в формате RUSMARC

ПолеНазваниеЗначение
  Тип записи a
  Библиографический уровень m
001 Контрольный номер 5868a1ab260d4b018cbc2555a516e801
005 Дата корректировки 20191001092855.1
010 Индекс ISBN __
a ISBN 978-55-9748-0567-7
d Цена 670,00
101 Язык документа 0_
a Язык текста rus
102 Страна публикации __
a Страна публикации RU
200 Заглавие и сведения об ответственности 1_
a Заглавие Учет: бухгалтерский и налоговый
b Общее обозначение материала Текст
e Сведения, относящиеся к заглавию Учеб.-практ. пособие
f Первые сведения об ответственности Г.Ю. Касьянова
210 Выходные данные 1_
a Место издания М.
c Издательство АБАК
d Дата издания 2018
215 Физическое описание __
a Объем 960 с.
610 Ключевые слова 0_
a Ключевые слова Бухгалтерский учет
a Ключевые слова налоговый учет
a Ключевые слова основные средства
686 Индексы других классификаций __
a Классификационный индекс 65.052
801 Источник записи _0
a Страна RU
b Организация РУК
g Правила каталогизации PSBO
801 Источник записи _1
a Страна RU
b Организация РУК
g Правила каталогизации PSBO
852 Данные о местонахождении __
i Авторский знак У 91
j Шифр хранения 65.052
901 Тип документа __
t Тип документа m
937 Технологическая информация __
a Создатель записи (имя) Носкова
938 Служебная информация __
a Название организации Саранский филиал
952 Тип литературы __
c Вид литературы учебное пособие